Call of Duty: Modern Warfare 3: All Campaign Missions - Statistics

General Stats
  • This quiz has been taken 31 times
  • The average score is 10 of 18
Answer Stats
Act Mission Character % Correct
Act I Black Tuesday Frost Westbrook
85%
Act III Dust to Dust Captain Price
69%
Act I Davis Family Vacation Mr. Davis
62%
Act III Down the Rabbit Hole Yuri
62%
Act II Blood Brothers Yuri
58%
Act I Hunter Killer Frost Westbrook
58%
Act I Mind the Gap Marcus Burns
58%
Act I Prologue Soap MacTavish
58%
Act II Goalpost Frost Westbrook
54%
Act II Iron Lady Frost Westbrook
54%
Act I Persona Non Grata Yuri
50%
Act III Scorched Earth Frost Westbrook
50%
Act III Stronghold Yuri
50%
Act I Turbulence Andrei Harkov
50%
Act I Back on the Grid Yuri
46%
Act II Bag and Drag Frost Westbrook
46%
Act II Eye of the Storm Yuri
42%
Act II Return to Sender Yuri
42%
No matching quizzes found
Score Distribution
Percent of People with Each Score
Percentile by Number Answered
Your Score History
You have not taken this quiz